[Event "17. Europa ch Juvenil - Masculino s18"]
[Site "Sibenik CRO"]
[Date "2007.09.23"]
[Round "9.6"]
[White "Krivoborodov, Egor"]
[Black "Grigoryan, Avetik"]
[Result "1/2-1/2"]
[WhiteElo "2403"]
[BlackElo "2489"]
[PlyCount "26"]
[EventDate "2007.09.14"]
[EventType "swiss"]
[EventRounds "9"]
[EventCountry "CRO"]
[Source "lmi"]
[SourceDate "2007.09.14"]

1. e4 e6 2. d4 d5 3. Nc3 Nf6 4. e5 Nfd7 5. f4 c5 6. Nf3 Nc6 7. Be3 Be7 8. Qd2
O-O 9. dxc5 Nxc5 10. O-O-O b6 11. Nd4 Nxd4 12. Bxd4 Rb8 13. Qe3 Ba6 1/2-1/2

[Event "17. Europa ch Juvenil - Masculino s18"]
[Site "Sibenik CRO"]
[Date "2007.09.23"]
[Round "9.7"]
[White "Llorente Zaro, Alfonso"]
[Black "Tereick, Benjamin"]
[Result "1/2-1/2"]
[WhiteElo "2422"]
[BlackElo "2404"]
[PlyCount "78"]
[EventDate "2007.09.14"]
[EventType "swiss"]
[EventRounds "9"]
[EventCountry "CRO"]
[Source "lmi"]
[SourceDate "2007.09.14"]

1. d4 e6 2. c4 Bb4+ 3. Nd2 b6 4. Qb3 c5 5. Ngf3 Nf6 6. g3 Bb7 7. dxc5 Bxc5 8.
Bg2 O-O 9. O-O d5 10. Rd1 Qe7 11. cxd5 Bxd5 12. Qa4 Qb7 13. b3 Nc6 14. Qh4 Ne7
15. Bb2 e5 16. Qh3 e4 17. Ng5 e3 18. Nde4 exf2+ 19. Kf1 h6 20. Qxh6 Bxe4 21.
Nxe4 Qxe4 22. Bxe4 gxh6 23. Bxf6 Rad8 24. Bxe7 Bxe7 25. Kxf2 Rxd1 26. Rxd1 Rd8
27. Kf3 Bc5 28. Kg4 Rd6 29. Rd3 Rg6+ 30. Kh3 Rf6 31. Bd5 Kg7 32. Bc4 Bd6 33.
Kg4 Kf8 34. Kh5 a5 35. Rf3 Rxf3 36. exf3 Kg7 37. f4 f6 38. Kg4 Bc5 39. Kf5 Bg1
1/2-1/2

[Event "17. Europa ch Juvenil - Masculino s18"]
[Site "Sibenik CRO"]
[Date "2007.09.23"]
[Round "9.8"]
[White "Ronchetti, Niccolo"]
[Black "Vernay, Clovis"]
[Result "1/2-1/2"]
[WhiteElo "2410"]
[BlackElo "2381"]
[PlyCount "81"]
[EventDate "2007.09.14"]
[EventType "swiss"]
[EventRounds "9"]
[EventCountry "CRO"]
[Source "lmi"]
[SourceDate "2007.09.14"]

1. e4 e6 2. d4 d5 3. Nc3 Bb4 4. e5 c5 5. a3 Bxc3+ 6. bxc3 Ne7 7. Qg4 Qc7 8.
Qxg7 Rg8 9. Qxh7 cxd4 10. Ne2 Nbc6 11. f4 Bd7 12. Qd3 dxc3 13. Rb1 d4 14. h3
O-O-O 15. g4 Na5 16. Nxd4 Ba4 17. Rb4 Bc6 18. Rh2 Nd5 19. Be3 Bd7 20. Nb5 Bxb5
21. Rxb5 Nxf4 22. Qe4 Nd5 23. Rc5 Nc6 24. Bb5 f6 25. Bxc6 bxc6 26. Qa4 Kd7 27.
Bd4 fxe5 28. Bxc3 e4 29. Rf2 Rdf8 30. Be5 Qb6 31. Bd4 Qb1+ 32. Ke2 Qb7 33. Be3
Rxf2+ 34. Bxf2 Rf8 35. Qxe4 Qb2 36. Qd4 Qxa3 37. Qg7+ Ke8 38. Qg6+ Kd7 39. Qg7+
Ke8 40. Qg6+ Kd7 41. Qg7+ 1/2-1/2

[Event "17. Europa ch Juvenil - Masculino s18"]
[Site "Sibenik CRO"]
[Date "2007.09.23"]
[Round "9.9"]
[White "Hayrapetian, Ovik"]
[Black "Olszewski, Michal"]
[Result "0-1"]
[WhiteElo "2336"]
[BlackElo "2409"]
[PlyCount "94"]
[EventDate "2007.09.14"]
[EventType "swiss"]
[EventRounds "9"]
[EventCountry "CRO"]
[Source "lmi"]
[SourceDate "2007.09.14"]

1. d4 Nf6 2. c4 e6 3. Nc3 Bb4 4. Qc2 c5 5. dxc5 O-O 6. a3 Bxc5 7. b4 Be7 8. Nf3
b6 9. e4 d6 10. Be2 Bb7 11. O-O Nbd7 12. Bf4 a6 13. Rfd1 Qc7 14. Rac1 Rfd8 15.
Nd2 Ne5 16. Bxe5 dxe5 17. Nb3 Rxd1+ 18. Rxd1 Bc6 19. Rc1 a5 20. c5 axb4 21.
axb4 bxc5 22. Nxc5 Qb6 23. Nd1 Rc8 24. Nd3 Bb7 25. Qxc8+ Bxc8 26. Rxc8+ Bf8 27.
Nc3 Qd4 28. Bf1 g6 29. b5 Kg7 30. b6 Qxb6 31. Rc4 Nd7 32. g3 Qa7 33. Ra4 Qc7
34. Nd1 Qc6 35. N1b2 Bd6 36. Rc4 Qb7 37. f3 Bb8 38. Rb4 Qa8 39. Nd1 Ba7+ 40.
N1f2 Bd4 41. Be2 Qa3 42. Rb1 Nb6 43. Rc1 Qa2 44. Re1 Nc4 45. Nc1 Qd2 46. Ncd3
Ne3 47. Bf1 Nd1 0-1

[Event "17. Europa ch Juvenil - Masculino s18"]
[Site "Sibenik CRO"]
[Date "2007.09.23"]
[Round "9.11"]
[White "Zhigalko, Sergei"]
[Black "Golubenko, Valentina"]
[Result "1-0"]
[WhiteElo "2560"]
[BlackElo "2316"]
[PlyCount "55"]
[EventDate "2007.09.14"]
[EventType "swiss"]
[EventRounds "9"]
[EventCountry "CRO"]
[Source "lmi"]
[SourceDate "2007.09.14"]

1. e4 e5 2. Nf3 Nc6 3. Bb5 a6 4. Ba4 Nf6 5. O-O b5 6. Bb3 Bc5 7. a4 Rb8 8. c3
d6 9. d4 Bb6 10. a5 Ba7 11. Be3 exd4 12. cxd4 O-O 13. h3 h6 14. Nc3 Ne7 15. Qc2
Bb7 16. Rfe1 b4 17. e5 Nfd5 18. Nxd5 Bxd5 19. Bxd5 Nxd5 20. Qc6 dxe5 21. Nxe5
Nxe3 22. fxe3 Ra8 23. Rac1 Qe7 24. Rf1 Qg5 25. Rce1 Qe7 26. Rxf7 Qd6 27. Ref1
Rfd8 28. Qc4 1-0

[Event "17. Europa ch Juvenil - Masculino s18"]
[Site "Sibenik CRO"]
[Date "2007.09.23"]
[Round "9.12"]
[White "Ertan, Can"]
[Black "Szabo, Krisztian"]
[Result "0-1"]
[WhiteElo "1965"]
[BlackElo "2482"]
[PlyCount "56"]
[EventDate "2007.09.14"]
[EventType "swiss"]
[EventRounds "9"]
[EventCountry "CRO"]
[Source "lmi"]
[SourceDate "2007.09.14"]

1. e4 c5 2. Nf3 d6 3. c3 Nf6 4. Bd3 Nc6 5. h3 e5 6. O-O g5 7. Bc4 h6 8. d4 exd4
9. cxd4 g4 10. hxg4 Bxg4 11. dxc5 dxc5 12. Qb3 Qe7 13. e5 Nh5 14. Re1 O-O-O 15.
Bxf7 Na5 16. Qa4 Bd7 17. Qxa5 Qxf7 18. Qxa7 Rg8 19. e6 Qxf3 20. exd7+ Kxd7 21.
Qa4+ Kc8 22. Qa8+ Kc7 23. Qa5+ b6 24. Qa7+ Kc6 25. Re6+ Bd6 26. Kf1 Qxg2+ 27.
Ke1 Qg1+ 28. Kd2 Qxf2+ 0-1

[Event "17. Europa ch Juvenil - Masculino s18"]
[Site "Sibenik CRO"]
[Date "2007.09.23"]
[Round "9.14"]
[White "Gaehler, Marco"]
[Black "Nestorovic, Nikola"]
[Result "0-1"]
[WhiteElo "2272"]
[BlackElo "2424"]
[PlyCount "80"]
[EventDate "2007.09.14"]
[EventType "swiss"]
[EventRounds "9"]
[EventCountry "CRO"]
[Source "lmi"]
[SourceDate "2007.09.14"]

1. e4 c5 2. Nf3 a6 3. c3 e6 4. d4 d5 5. e5 Bd7 6. Bd3 cxd4 7. cxd4 Bb5 8. Bxb5+
axb5 9. O-O b4 10. Nbd2 Nc6 11. Nb3 Nge7 12. Bg5 h6 13. Bh4 g5 14. Bg3 Nf5 15.
Ne1 h5 16. h3 Qb6 17. Nc2 Be7 18. Qd3 Kd7 19. Rfd1 Rag8 20. Ne3 Nxe3 21. fxe3
h4 22. Bf2 g4 23. e4 Ke8 24. exd5 exd5 25. Rd2 Nd8 26. Nc5 gxh3 27. Qxh3 Bxc5
28. dxc5 Qe6 29. Qxe6+ fxe6 30. a3 Rg4 31. axb4 Rxb4 32. Ra8 Kd7 33. Rc2 Rh5
34. Be1 Rg4 35. Bc3 h3 36. b4 Rc4 37. b5 Rg5 38. Ra7 Rxc5 39. Ra8 Rc4 40. Ba5
Rxc2 0-1

[Event "17. Europa ch Juvenil - Masculino s18"]
[Site "Sibenik CRO"]
[Date "2007.09.23"]
[Round "9.15"]
[White "Figura, Atila Gajo"]
[Black "Valner, Uku"]
[Result "1-0"]
[WhiteElo "2413"]
[BlackElo "2102"]
[PlyCount "73"]
[EventDate "2007.09.14"]
[EventType "swiss"]
[EventRounds "9"]
[EventCountry "CRO"]
[Source "lmi"]
[SourceDate "2007.09.14"]

1. d4 e6 2. Nf3 Nf6 3. Bg5 Be7 4. Nbd2 c5 5. e3 b6 6. Bd3 Bb7 7. c3 h6 8. Bxf6
Bxf6 9. Qe2 Qc7 10. O-O-O Nc6 11. Kb1 d6 12. g4 O-O-O 13. h4 Kb8 14. g5 Be7 15.
a3 d5 16. Rhg1 e5 17. dxe5 hxg5 18. Nxg5 Nxe5 19. Bc2 Bf6 20. f4 Nc6 21. Nh7 d4
22. Ne4 Rxh7 23. Nxf6 Rh6 24. Ne4 g6 25. exd4 cxd4 26. Qf2 Qe7 27. cxd4 Qxh4
28. Ng3 Qf6 29. Ne4 Qh4 30. Qe3 Rhh8 31. d5 Ne7 32. d6 Nd5 33. Qb3 Nxf4 34.
Qxf7 Rh7 35. Qc4 Rg7 36. Ng5 Rgd7 37. Ne6 1-0

[Event "17. Europa ch Juvenil - Masculino s18"]
[Site "Sibenik CRO"]
[Date "2007.09.23"]
[Round "9.20"]
[White "Martemianov, Iaroslav"]
[Black "Hrabusa, Matej"]
[Result "1/2-1/2"]
[WhiteElo "2333"]
[BlackElo "2277"]
[PlyCount "141"]
[EventDate "2007.09.14"]
[EventType "swiss"]
[EventRounds "9"]
[EventCountry "CRO"]
[Source "lmi"]
[SourceDate "2007.09.14"]

1. e4 c5 2. Nf3 d6 3. d4 cxd4 4. Nxd4 Nf6 5. Nc3 a6 6. Bg5 e6 7. f4 Qb6 8. Nb3
Be7 9. Qf3 Nbd7 10. O-O-O Qc7 11. Bd3 b5 12. Bxf6 Nxf6 13. e5 Bb7 14. Qg3 dxe5
15. fxe5 Nd7 16. Be4 Bxe4 17. Nxe4 Rc8 18. c3 Qxe5 19. Rxd7 Qxe4 20. Rhd1 h6
21. R1d4 Bg5+ 22. Nd2 Qc6 23. Kc2 b4 24. Ne4 bxc3 25. b3 O-O 26. h4 Qb5 27. Rd3
Qa5 28. a4 Qb4 29. hxg5 Qxe4 30. Qf3 Qb4 31. gxh6 Qa3 32. Rxc3 Qa2+ 33. Kd3
Qb1+ 34. Kd4 Rxc3 35. Qxc3 Qg1+ 36. Kd3 gxh6 37. Qc6 Qd1+ 38. Ke3 Qxb3+ 39. Rd3
Qb2 40. Qe4 Rb8 41. Kf3 Rb4 42. Qa8+ Kg7 43. Qxa6 Qe5 44. Kf2 Qf4+ 45. Rf3 Qd4+
46. Re3 Rxa4 47. Qd3 Ra2+ 48. Kg1 Qxd3 49. Rxd3 e5 50. Re3 f6 51. Rg3+ Kh7 52.
Rf3 Ra6 53. Kf2 Kg6 54. Rg3+ Kf7 55. Rb3 f5 56. Kf3 Kf6 57. Rb8 Ra3+ 58. Kf2
Kg5 59. Rg8+ Kf4 60. Rg6 Ra2+ 61. Kg1 e4 62. Rxh6 e3 63. Re6 Ra5 64. Kf1 Re5
65. Ra6 Re4 66. Ke2 Kg3 67. Rf6 Re5 68. Rg6+ Kf4 69. g3+ Ke4 70. Ra6 Re8 71.
Ra4+ 1/2-1/2

[Event "17. Europa ch Juvenil - Masculino s18"]
[Site "Sibenik CRO"]
[Date "2007.09.23"]
[Round "9.21"]
[White "Dinger, Florian"]
[Black "Szekeres, Robert"]
[Result "1/2-1/2"]
[WhiteElo "2332"]
[BlackElo "2209"]
[PlyCount "111"]
[EventDate "2007.09.14"]
[EventType "swiss"]
[EventRounds "9"]
[EventCountry "CRO"]
[Source "lmi"]
[SourceDate "2007.09.14"]

1. e4 c5 2. Nf3 e6 3. d4 cxd4 4. Nxd4 a6 5. Bd3 g6 6. Be3 Bg7 7. Nd2 Ne7 8. f4
O-O 9. Qe2 Nbc6 10. N2f3 d6 11. c3 e5 12. Nxc6 Nxc6 13. Bc4 exf4 14. Bxf4 Ne5
15. Nxe5 Bxe5 16. O-O Be6 17. Bxe6 Bxf4 18. Rxf4 fxe6 19. Rxf8+ Qxf8 20. Rf1
Qe7 21. Qf2 Rc8 22. Qf6 Qxf6 23. Rxf6 Re8 24. Kf2 Kg7 25. Rf3 Rc8 26. Ke3 Rc5
27. Kd4 Rh5 28. h3 Rg5 29. g3 Rh5 30. g4 Ra5 31. a3 h5 32. gxh5 Rxh5 33. c4 b5
34. b4 bxc4 35. Kxc4 Rh4 36. Kd3 Kg8 37. a4 d5 38. Re3 Kf7 39. b5 axb5 40. axb5
dxe4+ 41. Kc4 Kf6 42. b6 Kf5 43. Kd4 e5+ 44. Kd5 Rh8 45. Re1 Rd8+ 46. Kc6 Kf4
47. Kc7 Rh8 48. b7 e3 49. b8=Q Rxb8 50. Kxb8 Kf3 51. Kc7 Kf2 52. Ra1 e2 53. Kd6
e1=Q 54. Rxe1 Kxe1 55. Kxe5 Kf2 56. Kf6 1/2-1/2

[Event "17. Europa ch Juvenil - Masculino s18"]
[Site "Sibenik CRO"]
[Date "2007.09.23"]
[Round "9.22"]
[White "Krstic, Petar"]
[Black "Raisanen, Kim"]
[Result "1-0"]
[WhiteElo "2327"]
[BlackElo "2062"]
[PlyCount "65"]
[EventDate "2007.09.14"]
[EventType "swiss"]
[EventRounds "9"]
[EventCountry "CRO"]
[Source "lmi"]
[SourceDate "2007.09.14"]

1. d4 Nf6 2. c4 e6 3. Nc3 Bb4 4. e3 O-O 5. Nf3 d5 6. Bd3 c5 7. O-O Nc6 8. a3
Bxc3 9. bxc3 Qc7 10. Qc2 Na5 11. Nd2 b6 12. cxd5 exd5 13. dxc5 Qxc5 14. e4 h6
15. exd5 Qxd5 16. c4 Qd6 17. Rd1 Bb7 18. Bb2 Qc6 19. Nf3 Rac8 20. Rac1 Rfd8 21.
h3 a6 22. Re1 Re8 23. Rxe8+ Nxe8 24. Qc3 Nf6 25. Bf1 Qe4 26. Ne5 Ne8 27. Re1
Qf4 28. Ng6 fxg6 29. Rxe8+ Kf7 30. Rxc8 Bxc8 31. Qxg7+ Ke6 32. Qxg6+ Kd7 33.
Qxb6 1-0

[Event "17. Europa ch Juvenil - Masculino s18"]
[Site "Sibenik CRO"]
[Date "2007.09.23"]
[Round "9.24"]
[White "Vocaturo, Daniele"]
[Black "Novosel, Tomislav"]
[Result "1-0"]
[WhiteElo "2459"]
[BlackElo "2072"]
[PlyCount "57"]
[EventDate "2007.09.14"]
[EventType "swiss"]
[EventRounds "9"]
[EventCountry "CRO"]
[Source "lmi"]
[SourceDate "2007.09.14"]

1. e4 c5 2. a3 Nc6 3. b4 cxb4 4. axb4 Nxb4 5. d4 d5 6. c3 Nc6 7. exd5 Qxd5 8.
Na3 Bd7 9. Nf3 e5 10. Bc4 Qe4+ 11. Be3 Nh6 12. O-O Bxa3 13. Rxa3 O-O 14. Bxh6
gxh6 15. Re1 Qf4 16. Nxe5 Nxe5 17. Rxe5 Bc6 18. h3 Kh8 19. Re3 Rg8 20. Bf1 Qd6
21. c4 Rg7 22. d5 b5 23. Qa1 Bd7 24. Rg3 f6 25. Rxg7 Kxg7 26. Rg3+ Kh8 27. c5
Qe7 28. Re3 Qg7 29. c6 1-0

[Event "17. Europa ch Juvenil - Masculino s18"]
[Site "Sibenik CRO"]
[Date "2007.09.23"]
[Round "9.26"]
[White "Ocnarescu, Victor"]
[Black "Galazewski, Tomasz"]
[Result "1/2-1/2"]
[WhiteElo "2215"]
[BlackElo "2259"]
[PlyCount "40"]
[EventDate "2007.09.14"]
[EventType "swiss"]
[EventRounds "9"]
[EventCountry "CRO"]
[Source "lmi"]
[SourceDate "2007.09.14"]

1. e4 c5 2. Nf3 d6 3. d4 cxd4 4. Nxd4 Nf6 5. Nc3 Nc6 6. Bg5 Bd7 7. Qd2 Rc8 8.
O-O-O Nxd4 9. Qxd4 Qa5 10. h4 Rxc3 11. Qxc3 Qxc3 12. bxc3 Nxe4 13. Be3 Nxc3 14.
Rd3 Nxa2+ 15. Kb2 Be6 16. Rb3 Bxb3 17. Kxb3 Nc1+ 18. Kb2 a6 19. Kxc1 Kd7 20.
Be2 e6 1/2-1/2

[Event "17. Europa ch Juvenil - Masculino s18"]
[Site "Sibenik CRO"]
[Date "2007.09.23"]
[Round "9.27"]
[White "Froewis, Georg"]
[Black "Bitalzadeh, Ali"]
[Result "0-1"]
[WhiteElo "2208"]
[BlackElo "2389"]
[PlyCount "48"]
[EventDate "2007.09.14"]
[EventType "swiss"]
[EventRounds "9"]
[EventCountry "CRO"]
[Source "lmi"]
[SourceDate "2007.09.14"]

1. e4 e6 2. d4 d5 3. Nc3 Bb4 4. e5 c5 5. a3 Bxc3+ 6. bxc3 Qc7 7. Qg4 f5 8. Qg3
Nc6 9. Bb5 cxd4 10. Bxc6+ bxc6 11. cxd4 Ba6 12. Bd2 c5 13. Nf3 Ne7 14. Qxg7 Kd7
15. Bg5 Rhe8 16. c4 Bxc4 17. Nd2 Qa5 18. f3 f4 19. Rb1 Ba6 20. Bxf4 Rg8 21.
Qxh7 Rxg2 22. Qc2 cxd4 23. Rb4 Rc8 24. Qb2 Qc7 0-1